[Event "GER-chT U12"]
[Site "Magdeburg"]
[Date "2019.12.30"]
[Round "7.7"]
[White "Robelly, David"]
[Black "Hoffmann, Kay"]
[Result "0-1"]
[WhiteElo "1289"]
[BlackElo "1621"]
[PlyCount "82"]
[EventDate "2019.12.27"]
[EventType "team-swiss"]
[EventRounds "7"]
[EventCountry "GER"]
[SourceTitle "CBM 194 Extra"]
[Source "ChessBase"]
[SourceDate "2020.03.31"]
[SourceVersion "1"]
[SourceVersionDate "2020.03.31"]
[SourceQuality "1"]
[WhiteTeam "Wolfratshausen"]
[BlackTeam "Barnim"]
[WhiteTeamCountry "GER"]
[BlackTeamCountry "GER"]

1. Nc3 g6 2. d4 Bg7 3. Bf4 Nf6 4. e3 0-0 5. Qd2 d6 6. 0-0-0 Nbd7 7. Nf3 c5 8. Bc4 a6 9. Nd5 Ne4 10. Qe2 Nb6 11. Ng5 Nxd5 12. Bxd5 Nf6 13. dxc5 Qa5 14. Bb3 Qxc5 15. e4 Nh5 16. Be3 Qe5 17. c3 Nf4 18. Qd2 Qxg5 19. Bxf4 Qxg2 20. Bd5 Qh3 21. Qe1 Bg4 22. Rd2 Rac8 23. Qe3 Qf3 24. e5 Qxe3 25. Bxe3 Bxe5 26. Bd4 Rc7 27. Bxe5 dxe5 28. Bb3 Rd7 29. Rxd7 Bxd7 30. Re1 e6 31. Rxe5 Rd8 32. Rc5 Bc6 33. Bc2 Rd5 34. Rc4 Rh5 35. h4 Rd5 36. b4 Bb5 37. Rc8+ Kg7 38. c4 Bd7 39. cxd5 Bxc8 40. d6 Kf6 41. f4 e5 0-1